00913nam a2200205 a 450000100100000000500170001000800410002702000180006804000250008608200180011110000270012924500840015626000370024030000280027770000340030595201170033995201170045695201170057399900170069000004257420201002040239.0140128s2013 dr a 000 0 spa d a9789945882896 aDO-SdBNPbspacBNPHU axxxxxbxxxxxx1 aVargas, Kennedy93467810aHistoria del ajedrez dominicano /cKennedy Vargas ; corrección Carlos Peña. aSanto Domingo, :bP.E.N.,c2013. a149 p. :bil. ;c21 cm.1 aPeña, Carlos,ecorr.918862 00107-18PDaGRbGRcOId2014-01-28iLF1l0oxxxxx xxxxxxp42574-30r2020-06-25w2020-06-25yLFPDZNo se presta 00107-18PDaPDbPDcOId2014-01-28iLF1l0oxxxxx xxxxxxp42574-10r2020-06-25w2020-06-25yLFPDZNo se presta 00107-18PDaPDbPDcOId2014-01-28iLF1l0oxxxxx xxxxxxp42574-20r2020-06-25w2020-06-25yLFPDZNo se presta c42063d42063